|
|
|
|
| LEADER |
00917pam a22002898a 4500 |
| 001 |
00027871 |
| 005 |
20171026081023.0 |
| 008 |
111221s2003 ||||||engsd |
| 020 |
# |
# |
|a 0194384578
|
| 041 |
0 |
# |
|a eng
|
| 082 |
1 |
4 |
|b D207T
|a 428
|
| 100 |
1 |
# |
|a Aldcorn, Sue Brioux
|
| 245 |
1 |
0 |
|a Developing Tactics for listening
|b Teacher's Book
|c Sue Brioux Aldcorn, Deborah Gordon ... [et.al]
|
| 250 |
# |
# |
|a Second Edition
|
| 260 |
# |
# |
|a Oxford
|b Oxford Univ. Press
|c 2003
|
| 300 |
# |
# |
|a ix,176p.
|b ill.
|c 30 m.
|
| 600 |
1 |
4 |
|a Tiếng Anh
|
| 650 |
# |
4 |
|a Tiếng Anh
|x Ngữ pháp
|
| 653 |
# |
# |
|a Anh ngữ thực hành
|
| 700 |
1 |
# |
|a Harper, Andrew
|
| 700 |
1 |
# |
|a Gordon, Deborah
|
| 700 |
1 |
# |
|a Hutchins, Lisa A.
|
| 700 |
1 |
# |
|a Richard, Jack C.
|
| 852 |
# |
# |
|b Kho đọc
|j KD.0012878
|
| 852 |
# |
# |
|j KD.0012878
|
| 910 |
|
|
|d 21/12/2011
|
| 980 |
# |
# |
|a Trung tâm Học liệu Lê Vũ Hùng, Trường Đại học Đồng Tháp
|